LEADER 01037nam a2200253 i 4500 001 000000198296 003 CaOOAMICUS 005 20110228000000.0 008 110228s1926 gw u000 u ger u 013 $a176984 040 $aSeMil$bita 100 1 $aEisenhofer, Ludwig <1871-1941>.$0(OLS)http://semarc/name/10769 245 10$aGrundriß der Katholischen Liturgik /$cvon Ludwig Eisenhofer. 250 $a2. u. 3. verbesserte Aufl. 260 $aFreiburg im Breisgau [etc.] :$bHerder,$c1926. 300 $aXII, 327 p. ;$c18 cm. 490 0 $aHerders theologische Grundrisse 650 4$aLiturgia - Manuali.$0(OLS)http://semarc/subject/87 830 0$aHerders theologische Grundrisse.$0(OLS)http://semarc/title/31919 850 $aSeMil 852 $aSeMil$W1$xVenegono$y1$m3K I 196$j148852$B148852$CSeMilBibl$Z2$F160282 $81 961 $aOmaggio: Altro 996 $6245$aGrundriß der Katholischen Liturgik$9(OLS)http://semarc/title/286493 996 $6260$aFreiburg im Breisgau [etc.] :$bHerder$9(OLS)http://semarc/publisher/32938 LEADER 00522nab a2200145 i 4500 001 000000309806 003 CaOOAMICUS 005 20180831173001.0 008 180831n xx uu u0 0und r 013 $a18901 040 $aSeMil$bita 100 1 $aNicora, Luigi,$c.$0(OLS)http://semarc/name/61485 245 13$aIl Congresso Regionale dei Cattolici Lombardi in Como. 773 0 $t[Luglio-Dicembre].$g298-315$w()273970 996 $6245$aIl Congresso Regionale dei Cattolici Lombardi in Como$9(OLS)http://semarc/title/384790